| 000 | 00909nam a22003017a 4500 | ||
|---|---|---|---|
| 001 | 6493 | ||
| 003 | FISKH | ||
| 005 | 20250506123544.0 | ||
| 008 | 250506b cb ||||| |||| 00| 0 eng d | ||
| 020 | _a9780545767217 | ||
| 040 |
_aFISKH _beng _cFISKH _dFISKH |
||
| 050 | _a 448.6 | ||
| 082 | _aPZ7. | ||
| 100 | _aCharlesworth, Liza | ||
| 245 |
_aThe race : _bA folk & fairy tale reader / _cRetold by Liza Charlesworth ; Illustrated by Ian Smith |
||
| 250 | _aThis edition first published in 2014 | ||
| 260 |
_aNew York : _bScholastic, _c2014 |
||
| 300 |
_a16 pages : _bcolor illustrations ; _c23 cm |
||
| 505 | _aG | ||
| 520 | _aReading Readiness Phonics Reading. EACH BOOK 1.95. | ||
| 521 | 8 |
_a320
_bLexile |
|
| 521 | 8 |
_aG
_bRaz-Plus |
|
| 650 |
_2Fairy tales _aFeelings |
||
| 650 |
_2Folktales _aKindergarten |
||
| 700 |
_aSmith, Ian _dillustrator |
||
| 942 |
_2ddc _cBK _n0 |
||
| 999 |
_c6493 _d6493 |
||